000 01482nam a2200373Ia 4500
001 ebr10587066
003 CaPaEBR
006 m u
007 cr cn|||||||||
008 010802s2002 nyua sb 001 0 eng d
010 _z 2001049419
020 _z9780791453797
020 _z9780791488546
020 _z0791453790
020 _z0791453804 (pbk.)
040 _aCaPaEBR
_cCaPaEBR
035 _a(OCoLC)61367525
050 1 4 _aHV640
_b.S64 2002eb
082 0 4 _a362.87/526/092
_aB
_221
100 1 _aSmith, Andrew F.,
_d1946-
245 1 0 _aRescuing the world
_h[electronic resource] :
_bthe life and times of Leo Cherne /
_cAndrew F. Smith ; foreword by Henry A. Kissinger.
260 _aAlbany :
_bState University of New York Press,
_cc2002.
300 _axvi, 223 p. :
_bill.
504 _aIncludes bibliographical references (p. 207-214) and index.
533 _aElectronic reproduction.
_bPalo Alto, Calif. :
_cebrary,
_d2011.
_nAvailable via World Wide Web.
_nAccess may be limited to ebrary affiliated libraries.
600 1 0 _aCherne, Leo,
_d1912-1999.
610 2 0 _aInternational Rescue Committee
_xHistory.
650 0 _aHuman services personnel
_vBiography.
650 0 _aHuman rights workers
_vBiography.
650 0 _aRefugees
_xServices for.
655 7 _aElectronic books.
_2local
710 2 _aebrary, Inc.
856 4 0 _uhttp://site.ebrary.com/lib/rucke/Doc?id=10587066
_zAn electronic book accessible through the World Wide Web; click to view
999 _c107809
_d107809